| 000 | 01201nam a2200337 i 4500 | ||
|---|---|---|---|
| 001 | bgj | ||
| 100 | 1 | _aADAMS, Henry | |
| 245 | 1 | 0 |
_aNovels, Mont Saint Michel, The Education / _cHenry Adams ; [edited by] Ernest Samuels and Jayene N. Samuels. |
| 260 |
_aNew York : _bLiterary Classics of the United States, _cc. 1983. |
||
| 300 |
_a1246 pp ; _c21 cm. |
||
| 490 | 1 | _aThe Library of America | |
| 505 | _aContents: Democracy ; Esther ; Mont Saint Michel and Chartres ; The Education of Henry Adams ; Buddha and Brahma ; Prayer to the Virgin of Chartres ; Poems. | ||
| 651 | 9 |
_aUnited States _xSocial life and customs |
|
| 655 | _aCollected works | ||
| 700 | 1 |
_aSAMUELS, Ernest. _eeditor |
|
| 700 | 1 |
_aSAMUELS, Jayene N. _eeditor |
|
| 740 | 0 | 2 | _aDemocracy |
| 740 | 0 | 2 | _aEsther |
| 740 | 0 | 2 | _aMont Saint Michel and Chartres |
| 740 | 0 | 2 | _aThe Education of Henry Adams |
| 740 | 0 | 2 | _aBuddha and Brahma |
| 740 | 0 | 2 | _aPrayer to the Virgin of Chartres |
| 740 | 0 | 2 | _aPoems |
| 830 | _aThe Library of America | ||
| 020 | _a0940450127 (hbk, jacket) | ||
| 040 | _cBPK | ||
| 041 | 0 | _aeng | |
| 920 | _a0-940450-12-7 (hbk, jacket) | ||
| 942 | _cKS | ||
| 008 | s uk f |000 0 eng | ||
| 999 |
_c47210 _d47210 |
||
| 856 |
_uhttp://koha.tu.koszalin.pl/cgi-bin/koha/opac-detail.pl?biblionumber=47210 _yKatalog online BPK |
||